| 000 | 00411nam a2200169 a 4500 | ||
|---|---|---|---|
| 001 | 0000-9232 | ||
| 003 | ELIB.Books | ||
| 008 | 110520 1974 | ||
| 035 | _a(ELIB.Books)0000-9384 | ||
| 082 |
_a551.5 _bHar |
||
| 100 | _aHart, Des | ||
| 245 | _aWeather Book | ||
| 260 |
_bAustralia: Printed By Macarthur _c1974 |
||
| 650 | _aMeteorology | ||
| 942 |
_2ddc _cBK |
||
| 998 |
_cbat _e2011-05-20 |
||
| 999 |
_c9232 _d9232 |
||